Normal view
MARC view
Entry Personal Name
001 - CONTROL NUMBER
- control field: 52479
003 - CONTROL NUMBER IDENTIFIER
- control field: ARRUPE
005 - DATE AND TIME OF LATEST TRANSACTION
- control field: 20240216103506.0
008 - FIXED-LENGTH DATA ELEMENTS
- fixed length control field: 240216|| aca||aabn | a|a d
040 ## - CATALOGING SOURCE
- Original cataloging agency: ARRUPE
- Transcribing agency: ARRUPE
100 ## - HEADING--PERSONAL NAME
- Personal name: Kahn, Roger
670 ## - SOURCE DATA FOUND
- Source citation: Work cat.: (ARRUPE)131809: Kahn, Roger., The passionate people; what it means to be a Jew in America., 1968.